| 000 | 00551nam a2200181Ia 4500 | ||
|---|---|---|---|
| 005 | 20251006225603.0 | ||
| 008 | 251006t1999||||xx |||||||||||||| ||und|| | ||
| 040 | _aCBC | ||
| 100 | _aRodríguez Acevedo, María Consuelo | ||
| 245 | _aCentros rurales sostenibles de información: una propuesta desde la investigación en bibliotecología | ||
| 300 | _ap. 97-112 | ||
| 650 | _aBIBLIOTECAS | ||
| 650 | _aDESARROLLO RURAL | ||
| 650 | _aZONAS RURALES | ||
| 651 | _aCOLOMBIA | ||
| 773 | _aCuadernos de desarrollo rural No. 43 (1999) | ||
| 942 | _tMJCh | ||
| 999 |
_c13820 _d13820 |
||